Headless halloween / (Record no. 21378)
[ view plain ]
| 000 -LEADER | |
|---|---|
| fixed length control field | 03667cam a22005293a 4500 |
| 005 - DATE AND TIME OF LATEST TRANSACTION | |
| control field | 20030731115739.0 |
| 008 - FIXED-LENGTH DATA ELEMENTS--GENERAL INFORMATION | |
| fixed length control field | 981120s1998 nyu j 000 1 eng d |
| 010 ## - LCCN (DPL NO) | |
| LC control number | B-330645-655 |
| 020 ## - INTERNATIONAL STANDARD BOOK NUMBER | |
| International Standard Book Number | 059076781x |
| Terms of availability | 95.00 |
| 020 ## - INTERNATIONAL STANDARD BOOK NUMBER | |
| International Standard Book Number | 9780590767811 |
| Terms of availability | 95.00 |
| 035 ## - SYSTEM CONTROL NUMBER | |
| System control number | B-330645-655 |
| 035 ## - SYSTEM CONTROL NUMBER | |
| System control number | B-358546 |
| 037 ## - SOURCE OF ACQUISITION | |
| Source of stock number/acquisition | The wise owl |
| 040 ## - CATALOGING SOURCE | |
| Original cataloging agency | dpl |
| Language of cataloging | English |
| 082 ## - DEWEY DECIMAL CLASSIFICATION NUMBER | |
| Classification number | S |
| 100 ## - MAIN ENTRY--PERSONAL NAME | |
| Personal name | Stine, R. L. |
| 245 ## - TITLE STATEMENT | |
| Title | Headless halloween / |
| Statement of responsibility, etc | by R.L. Stine |
| 260 ## - PUBLICATION, DISTRIBUTION, ETC. (IMPRINT) | |
| Place of publication, distribution, etc | New York |
| Name of publisher, distributor, etc | Scholastic Inc. |
| Date of publication, distribution, etc | 2008 |
| 270 ## - ADDRESS | |
| Address | 555 Broadway |
| City | Newyork |
| Postal code | NY 10012 |
| 300 ## - PHYSICAL DESCRIPTION | |
| Extent | 114p. |
| Dimensions | 19cm. (pbk) |
| 490 ## - SERIES STATEMENT | |
| Series statement | Goosebumps series 2000; 10 |
| 500 ## - GENERAL NOTE | |
| General note | "An Apple paperback." |
| 500 ## - GENERAL NOTE | |
| General note | "A Parachute Press book"--T.p. verso. |
| 520 ## - SUMMARY, ETC. | |
| Summary, etc | After Nathan and Micah drink some alien Brain Juice, they discover some surprising side effects. |
| 650 ## - SUBJECT ADDED ENTRY--TOPICAL TERM | |
| Form subdivision | Fiction. |
| 650 ## - SUBJECT ADDED ENTRY--TOPICAL TERM | |
| Topical term or geographic name as entry element | Horror tales. |
| 655 ## - INDEX TERM--GENRE/FORM | |
| Genre/form data or focus term | Horror fiction. |
| Source of term | gsafd |
| 655 ## - INDEX TERM--GENRE/FORM | |
| Genre/form data or focus term | Fantasy fiction. |
| Source of term | gsafd |
| 710 ## - ADDED ENTRY--CORPORATE NAME | |
| Corporate name or jurisdiction name as entry element | Copyright Paperback Collection (Library of Congress) |
| 800 ## - SERIES ADDED ENTRY--PERSONAL NAME | |
| Personal name | Stine, R. L. |
| Title of a work | Goosebumps series 2000 ;10 |
| 942 ## - ADDED ENTRY ELEMENTS (KOHA) | |
| Source of classification or shelving scheme | Dewey Decimal Classification |
| Item type | Children Books |
| Classification part | S |
| Call number suffix | STI |
| Withdrawn status | Lost status | Source of classification or shelving scheme | Damaged status | Not for loan | Collection code | Home library | Current library | Date acquired | Source of acquisition | Cost, normal purchase price | Total Checkouts | Full call number | Barcode | Date last seen | Copy number | Cost, replacement price | Koha item type |
|---|---|---|---|---|---|---|---|---|---|---|---|---|---|---|---|---|---|
| Dewey Decimal Classification | Fiction | Bagh Kadhe Khan | Bagh Kadhe Khan | 17/07/2009 | The Wise Owl/005/15.5.09/15/23.4.09/3.6.09 | 95.00 | S STI | B-330652 | 17/07/2009 | 1 | 95.00 | Children Books | |||||
| Dewey Decimal Classification | Fiction | Bawana | Bawana | 17/07/2009 | The Wise Owl/005/15.5.09/15/23.4.09/3.6.09 | 95.00 | S STI | B-330654 | 17/07/2009 | 1 | 95.00 | Children Books | |||||
| Written-off vide DLB M. No. 383 dt 16.05.19 | Dewey Decimal Classification | Fiction | Central Library | Central Library | 17/07/2009 | The Wise Owl/005/15.5.09/15/23.4.09/3.6.09 | 95.00 | S STI | B-330645 | 17/07/2009 | 1 | 95.00 | Children Books | ||||
| Withdrawn | Dewey Decimal Classification | Fiction | Janak Puri | Janak Puri | 23/09/2009 | The wise owl /018/14.9.09/91/2.9.09/16.6.09 | 95.00 | 15 | S STI | B-358546 | 24/03/2011 | 1 | 95.00 | Children Books | |||
| Dewey Decimal Classification | Fiction | Karol Bagh | Karol Bagh | 17/07/2009 | The Wise Owl/005/15.5.09/15/23.4.09/3.6.09 | 95.00 | S STI | B-330651 | 17/07/2009 | 1 | 95.00 | Children Books | |||||
| Dewey Decimal Classification | Fiction | Kasturba Gandhi Marg | Kasturba Gandhi Marg | 17/07/2009 | The Wise Owl/005/15.5.09/15/23.4.09/3.6.09 | 95.00 | S STI | B-330647 | 17/07/2009 | 1 | 95.00 | Children Books | |||||
| Dewey Decimal Classification | Fiction | Narela | Narela | 17/07/2009 | The Wise Owl/005/15.5.09/15/23.4.09/3.6.09 | 95.00 | S STI | B-330653 | 17/07/2009 | 1 | 95.00 | Children Books | |||||
| Dewey Decimal Classification | Fiction | Patel Nagar | Patel Nagar | 17/07/2009 | The Wise Owl/005/15.5.09/15/23.4.09/3.6.09 | 95.00 | S STI | B-330646 | 17/07/2009 | 1 | 95.00 | Children Books | |||||
| Written-off vide DLB M. No. 383 dt 16.05.19 | Dewey Decimal Classification | Fiction | Peshwa Road | Peshwa Road | 17/07/2009 | The Wise Owl/005/15.5.09/15/23.4.09/3.6.09 | 95.00 | S STI | B-330648 | 17/07/2009 | 1 | 95.00 | Children Books | ||||
| Dewey Decimal Classification | Fiction | Sarojini Nagar | Sarojini Nagar | 17/07/2009 | The Wise Owl/005/15.5.09/15/23.4.09/3.6.09 | 95.00 | S STI | B-330649 | 17/07/2009 | 1 | 95.00 | Children Books | |||||
| Lost and Paid For | Dewey Decimal Classification | Fiction | Shahdara Branch | Shahdara Branch | 17/07/2009 | The Wise Owl/005/15.5.09/15/23.4.09/3.6.09 | 95.00 | S STI | B-330655 | 17/07/2009 | 1 | 95.00 | Children Books | ||||
| Written-off vide DLB M. No. 383 dt 16.05.19 | Dewey Decimal Classification | Fiction | Vinoba Puri | Vinoba Puri | 17/07/2009 | The Wise Owl/005/15.5.09/15/23.4.09/3.6.09 | 95.00 | 1 | S STI | B-330650 | 01/11/2010 | 1 | 95.00 | Children Books |
